Vista normal Vista MARC

Entrada Topical Term

Número de registros utilizados en: 1

001 - CONTROL NUMBER

  • control field: 60005

003 - CONTROL NUMBER IDENTIFIER

  • control field: OSt

005 - DATE AND TIME OF LATEST TRANSACTION

  • control field: 20250605154301.0

008 - FIXED-LENGTH DATA ELEMENTS

  • fixed length control field: 250605|| aca||aabn | a|a d

040 ## - CATALOGING SOURCE

  • Original cataloging agency: OSt
  • Transcribing agency: OSt

150 ## - HEADING--TOPICAL TERM

  • Topical term or geographic name entry element: Civilización medieval
  • General subdivision: Historia
  • General subdivision: Enseñanza

670 ## - SOURCE DATA FOUND

  • Source citation: Work cat.: (OSt)57229: Le Goff, Jacques, 1924-2014., autor 60004, La edad media explicada a los jóvenes /









Instituto Departamental de Cultura del Meta - Red Departamental de Bibliotecas Públicas del Meta.